Administración de Empresas Constructoras
| Main Author: | |
|---|---|
| Format: | Section = Libro |
| Language: | Undetermined Spanish |
| Published: |
México
Limusa
2006
|
| Subjects: |
| LEADER | 00618nam a2200217Ia 4500 | ||
|---|---|---|---|
| 008 | 240829s9999 xx 000 0 und d | ||
| 020 | |a 968-18-1189-5 | ||
| 040 | |a BIBLIOTECA-RUSB/ 658.92 S939 | ||
| 041 | |a spa | ||
| 082 | |a 658.92 S939 | ||
| 100 | 1 | |a Suárez Salazar, Carlos | |
| 245 | 1 | 0 | |a Administración de Empresas Constructoras |
| 260 | |a México |b Limusa |c 2006 | ||
| 300 | |a 333 p. :il. | ||
| 650 | 7 | |a ADMINISTRACION DE EMPRESAS - CONSTRUCCION | |
| 650 | 7 | |b PLANEACION | |
| 650 | 7 | |c DISEÑO ADMINISTRATIVO | |
| 650 | 7 | |d CONTROL - PARAMETROS PARA EDIFICACION | |
| 942 | |c BK |2 ddc | ||
| 991 | |a TEXTO | ||
| 999 | |c 4280 | ||